| 000 | 00406nam a2200169Ia 4500 | ||
|---|---|---|---|
| 005 | 20250519025420.0 | ||
| 008 | 240331s9999 xx 000 0 und d | ||
| 020 | _a9559529013 | ||
| 082 |
_bMOR _a301 |
||
| 100 | _aMorris, D | ||
| 245 | 0 | _aManusath uyana | |
| 250 | _a3rd | ||
| 260 |
_aNugegoda _bNawa Widya Publishers _c2001 |
||
| 300 | _a152 p ., | ||
| 500 | _aTranslation of The Human Zoo | ||
| 942 | _cL | ||
| 999 |
_c1450 _d1450 |
||